| 000 | 00462nam a2200181Ia 4500 | ||
|---|---|---|---|
| 001 | 818 | ||
| 005 | 20260306140546.0 | ||
| 008 | 260306t1994||||xx |||||||||||||| ||spa|| | ||
| 041 | _aESP | ||
| 082 |
_a170 _bG84A |
||
| 100 |
_aGuardini, Romano _eAUT |
||
| 245 | 0 |
_aUna ética para nuestro tiempo: _breflexiones sobre formas de vida cristiana |
|
| 260 | _c1994 | ||
| 300 |
_a271 páginas : _c19 cm. |
||
| 650 | _aGEN | ||
| 654 | _aCHU | ||
| 942 |
_cLIB _dJUS _fJUS _2ddc _n |
||
| 999 |
_c818 _d818 |
||